00529nam a2200193Ia 450000500170000000800410001702000220005804100080008008200150008810000150010324500650011825000120018326000410019530000210023644000060025750000290026365000280029270000150032020251121223359.0230125s9999 xx 000 0 und d a978-81-8495-032-8 aeng a158.1bPRE aPrentiss C aThe Little Book Of Secrets : Gentle Wisdom For Joyful Living a2nd Ed. c2010bJaico Publishing HouseaMumbai a172pcPaper Back v1 aPersonality Development  aPersonality Development aPrentiss C